| 000 | 00628pam a2200229 i 4500 | ||
|---|---|---|---|
| 001 | 3151458 | ||
| 005 | 20180123041447.0 | ||
| 008 | 740924s1975 inua b 001 0 eng | ||
| 010 | _a 74020996 | ||
| 020 |
_a0672537206. _a0672637200 |
||
| 040 |
_aDLC _cDLC _dDLC |
||
| 041 | _aeng | ||
| 043 | _an-us--- | ||
| 080 | _a353.008 | ||
| 082 | 0 | 0 | _a353.008 DAV |
| 100 | 1 | _a19 | |
| 101 | _aSHP | ||
| 245 | 1 | 4 |
_aThe politics of pollution / _cJ. Clarence Davies, III, and Barbara S. Davies. |
| 504 | _aIncludes bibliographical references and index. | ||
| 906 |
_a7 _bcbc _corignew _d1 _eocip _f19 _gy-gencatlg |
||
| 942 |
_2ddc _cBK |
||
| 999 |
_c40732 _d40732 |
||